000 01343nam a22003737a 4500
003 CHAP
005 20220329135831.0
008 971013s1995 r 00010 d
010 _a42973
011 _a43945
035 _a48083
040 _cCHAP
090 _aTesis
100 0 0 _aRamírez Delgadillo, Mario.
_993966
245 _aContribución al estudio de la rinotraqueitis infecciosa bovina en 9 establos de vacas Holstein-Friesian del municipio de Gómez Palacio, Dgo.
260 _aChapingo, Méx. :
_bEl autor,
_c1995
300 _a66 h.
502 _aTesis (Ing. Agr. Esp. en Zonas Aridas) -- UACH. Deparatamento de Zonas Aridas
590 _aALEPH
_b10
_c20130110
_lUCH01
_h1312
590 _aBATCH-UPD
_b10
_c20130110
_lUCH01
_h1312
590 _aBATCH-UPD
_b10
_c20130410
_lUCH01
_h0825
590 _aBATCH-UPD
_b10
_c20130914
_lUCH01
_h1312
590 _aCONVERSION
_b10
_c20130109
_lUCH01
_h1324
650 1 4 _aEnfermedades infecciosas en animales.
_936936
650 1 4 _aGanado Friesian.
_945128
650 1 4 _aGanado Holstein.
_945133
650 1 4 _aGanado vacuno
_xDurango.
_945456
650 1 4 _aGanado vacuno
_xEnfermedades.
_945460
650 1 4 _aRinotraqueitis.
_997476
901 _aBK
942 _cFOLL
949 _bBC
_cTES
_d-109060
_eTS1
_h28027
_i48083
_si
949 _bBC
_cTES
_d33724000004412
_eTS2
_fc.2
_h28028
_i48083
_si
999 _c42973
_d42973